000 00526nam a2200181Ia 4500
008 100920s9999 xx 000 0 und d
082 _b97950
_a22 0
100 _aPATERSON JANE.
245 _aKNOW YOURSELF THROUGH YOUR HANDWRITING.
260 _bRDI PRINT & PUB.PVT. LTD ., MUMBAI.
_c0
300 _a32
_bसाधी
365 _b0
520 _aएस.सी.
630 _aKNOW YOURSELF THROUGH YOUR HANDWRITING.
650 _aएस.सी.
730 _aKNOW YOURSELF THROUGH YOUR HANDWRITING.
942 _cBOOK
999 _c738388
_d738385